| 000 | 01000nam a22002537a 4500 | ||
|---|---|---|---|
| 999 |
_c1441 _d1441 |
||
| 003 | AR-CdUCM | ||
| 008 | 190227b ||||| |||| 00| 0 spa d | ||
| 040 |
_aMUNICIPALIDAD PROVINCIAL DEL CUSCO _cBIBLIOTECA MUNICIPAL DEL CUSCO |
||
| 041 | _heng | ||
| 082 |
_a701 / _bM26 |
||
| 100 |
_aMarx, Carlos _92702 |
||
| 245 |
_aSobre el arte / _cCarlos Marx |
||
| 260 |
_aBuenos Aires : _bEstudio, _c1967. |
||
| 300 |
_a396 paginas ; _c19 cm. |
||
| 505 | _aProblemas generales de la creación artística -- concepción materialista de la historia de la cultura -- existencia social y conciencia social -- condiciones naturales y desarrollo de la cultura -- Cartas de Engels contra la vulgarización del materialismo histórico ... | ||
| 650 |
_aCreación artística _95457 |
||
| 650 |
_aIdeología y Realismo _95458 |
||
| 650 |
_aMaterialismo _95459 |
||
| 650 |
_aCultura _9126 |
||
| 700 |
_aEngels, Federico _95460 |
||
| 700 |
_aRossi, Héctor _95461 |
||
| 942 |
_2ddc _cLIBROS |
||
| 945 |
_aacv _d2019-02-27 |
||